• 首页
  • 本馆介绍
  • 公告通知
  • 最新文献
  • 馆藏检索
  • 电子资源
  • 读者导购
  • 参考咨询
  • 我的图书馆
  • 登录
  • 详细信息显示
  • 放入我的书架
  • 预约/预借图书
  • 作者相关作品
  • 分类相关作品
  • 丛书相关作品
  • 出版社相关作品

书目信息

  • 表格格式
  • 工作单格式
  • 卡片格式
题名:
围棋定式辞典
    
 
作者: 石田芳夫 著 ;陈宪辉 译
分册: 下册  
出版信息: 北京   中国青年出版社  1990.09
页数: 505页
开本: 19cm
丛书名:
单 册:
中图分类: G891.3
科图分类:
主题词: 文娱性体育活动
电子资源:
ISBN:
000 00590nam0 2200205 45
001 0409221756
005 20061102101729.20
010    @dCNY24.00
100    @a20040922d1990 km y0chiy0120 ea
101 0  @achi
105    @a z 000yy
200 1  @a围棋定式辞典@AWei Qi Ding Shi Ci Dian@f石田芳夫著@FShi Tian Fang Fu Zhu@h下册@g陈宪辉译
210    @a北京@c中国青年出版社@d1990.09
215    @a505页@d19cm
606 0  @a文娱性体育活动
690    @aG891.3
701  0 @a石田芳夫@4著
702  0 @a陈宪辉@AChen Xian Hui@4译
801    @aCN@bTSTCL@c20061102
905    @f1@b234284@dG891.3@e118:2(2)
    
    围棋定式辞典/石田芳夫著.下册/陈宪辉译.-北京:中国青年出版社,1990.09
    505页;19cm
    
    
    ISBN :CNY24.00
    
●
相关链接 在E读中查询图书 在五车中查询图书 在当当中查询图书 在豆瓣中查询图书


正题名:围棋定式辞典     索取号:G891.3/118:2(2)         预约/预借

序号 登录号 条形码 馆藏地/架位号 状态 备注
1 0234284   000305912   工具书阅览室/ [索取号:G891.3/118:2(2)] 在馆    
2 0234285   000305903   第一样本阅览室/ [索取号:G891.3/118:2(2)] 在馆    
唐山师范学院图书馆 欢迎您!
大连网信软件有限公司© 版权所有